MDQL
is popping MORE tags! Check the
thread
!
Quizzes
Events
Quiz Creation
Community
Videos
Private Events
Remove Ads
Sign In
Join for FREE
Feedback
Dark Mode
Quiz Categories
Sports
Geography
Music
Movies
Television
Just For Fun
Miscellaneous
History
Literature
Language
Science
Gaming
Entertainment
Religion
Holiday
For Kids
Quiz Lab
Recent
Popular Today
Quiz Kudos Today
Editor Picks
Curator Picks
Quizzes by...
Day
Popularity
Type
Ratings
Length
Year
Community
Subscriptions
Recent Discussions
Orange Saloon
Badges
Playlists
Quests
Create
Leaderboards
Showdown
Live 5
Trivia Bingo
Activity
Puzzle Library
Sporcle Events
Private Events
Virtual Trivia
Globe League
Become a Host
Pub Owners
SporcleCon
Opinionation
Our Games
Videos
Blog
Mobile Apps
Partnerships
Remove Ads and Go Orange
Feedback
Sports
Athletes
MLB
NBA
NHL
NFL
Soccer
Sports Teams
WWE
NCAA
Football
Premier League
Basketball
Baseball
Hockey
Golf
Tennis
Cricket
Rugby
Auto Racing
Olympics
World Cup
Sports
Athletes
MLB
NBA
NHL
NFL
Soccer
Sports Teams
WWE
NCAA
Football
Premier League
Basketball
Baseball
Hockey
Golf
Tennis
Cricket
Rugby
Auto Racing
Olympics
World Cup
Random Quiz
Search Sporcle
×
Quiz Lab
Quiz Lab
Sports
Football
Type in answers that appear in a list
Type in answers that appear in a list
Classic
Best Score? Go Orange.
The 1998 Minnesota Vikings Stats
Can you name the The 1998 Minnesota Vikings Starters?
By
dhribnick
5m
25 Questions
1,104 Plays
1,104 Plays
1,104 Plays
Comments
Comments
Give Quiz Kudos
Give Quiz Kudos
-
- Ratings
hide this ad
Replay
Link that replays current quiz
Next Quiz
Link to next quiz in quiz playlist
You Got
0%
They Got
Avg Score
55%
Avg Friend Score
Upgrade to see
Score Distribution
Jump to the score distribution portion of the page
Score
0/25
Timer
05:00
0
Plays Today
Position
Name
% Correct
Wide Reciever 2
Randy Moss
98.3%
Wide Reciever 1
Cris Carter
97.5%
Quarterback
Randall Cunningham
95.4%
Running Back
Robert Smith
94.7%
Kicker
Gary Anderson
84.1%
Wide Reciever 3
Jake Reed
83.3%
Defensive End
John Randle
79.1%
Left Guard
Randall McDaniel
71.4%
Middle Line Backer
Ed McDaniel
70.7%
Punter
Mitch Berger
62.7%
Right Tackle
Korey Stringer
58.2%
Strong Safety
Robert Griffith
51.5%
Free Safety
Orlando Thomas
48.1%
Position
Name
% Correct
Left Tackle
Todd Steussie
47.8%
Outside Line Backer
Dwayne Rudd
44.4%
Center
Jeff Christy
41.4%
Cornerback
Jimmy Hitchcock
37.3%
Right Guard
David Dixon
36.1%
Defensive Tackle
Jerry Ball
35.3%
Defensive Tackle
Tony Williams
33.5%
Tight End
Andrew Glover
28.7%
Cornerback
Corey Fuller
28.2%
Fullback
Charles Evans
23.3%
Defensive End
Derrick Alexander
23%
Outside Line Backer
Dixon Edwards
17.4%
Quiz Playlist
Details
Report
Send in Message
Add To Playlist
Classic:
Type in answers that appear in a list
Last Updated: Dec 7, 2018
Quiz Scoreboard
CHALLENGE
Sign Up to Join the Scoreboard
Show All
Scores
Hide
Comments
May contain spoilers
Recently Published
Holiday 10x10 Sorting Gallery
by lukepisani3
Holiday
15m
Two Season TV Shows II
by 123Four
Television
10m
Image Sorting: Flags VI
by Barbecue
Geography
2m
More to Explore
Quiz From the Vault
Featured Blog Post
14 Easter Pick-up Lines to Find Eggs With
hide this ad
You Might Also Like...
Tags
Football Quiz
Numbers Quiz
1998
minnesota
Minnesota Vikings
Starter
Viking
Today's Top Quizzes in Sports
Browse Sports
hide this ad
Today's Top Quizzes in Football
Browse Football
Top Contributed Quizzes in Sports
1
Les meilleurs buteurs des matchs entre le PSG et l’OM
2
Les entraîneurs de l'OM et du PSG au 21e siècle
3
2022 World Cup Stars
4
Les joueurs passés par le PSG et l'OM
5
Players with Multiple 50 Home Run Seasons
6
FIFA Club World Cup Champions
7
Top 10 NHL Goal Scorers of All Time
8
Les joueurs passés par le LOSC et le RC Lens
9
Criteria MLB: Left Handed Sluggers
10
2023 MLB Unique Player Accomplishments
Explore More
Trending Topics
Disney
Anime
Kpop
NBA
Marvel
Harry Potter
Crossword
WWE
Song
Pokémon
Soccer
Puzzle
Country
NFL
The Office
hide this ad
More By:
dhribnick
Quiz
Plays
Rating
Category
Featured
Created
The 1998 Minnesota Vikings
1,104
4.00
Sports
Sep 23, 2009
2009 Minnesota Vikings Roster
573
2.33
Sports
Dec 7, 2009
MN Vikings First Round Draft Choices
219
4.00
Sports
Nov 22, 2009
Go to Creator's Profile
Score Distribution
Quiz Creator Spotlight
dhribnick
Follow
Send a Message
Quizzes Created
-
Created Quiz Play Count
-
More By This Creator
Popular Quizzes Today
1
Find the US States - No Outlines Minefield
2
Colored Red Africa Blitz
3
Find the 'City' Movie
4
The Countries of the World
5
5x2 Blitz: Bands
6
Find the Countries of Europe - No Outlines Minefield
7
Find the US States
8
US States
More Sports Quizzes
Bonus Round Blitz! - Athletes
Quiz Lab
Trending Quizzes
Colored Red Europe Blitz I
Colored Red Europe Blitz II
Colored Red Africa Blitz II
Even More Two Season TV Shows
Colored Red Africa Blitz III
Recently Updated
Odd Team Out - Big 4 Players
pecheneg
Quick Pick: 20 Twenties
pecheneg
March Madness Men's Triple Doubles
pecheneg
How Do You Spell That?
pecheneg
Godzilla Movies
pecheneg
Grab Bag: 4-10 Letters
pecheneg
2024 March Madness Bracket
pecheneg
Famous TV Couples
Peacemaker
Champions League XIs: Real Madrid
pecheneg
Largest US Cities 1790-2010
pecheneg
Trending Topics
NBA
Kpop
Disney
Crossword
Marvel
Harry Potter
Anime
NFL
Puzzle
Country
WWE
Soccer
The Office
Song
Pokémon
Your Account Isn't Verified!
In order to create a playlist on Sporcle, you need to verify the email address you used during registration. Go to your
Sporcle Settings
to finish the process.
Report this User
Report this user for behavior that violates our
Community Guidelines
.
Details:
Send Report
Go to the Sporcle.com Mobile Site →
Comments